Expert evidence outside the courts (Record no. 70519)

MARC details
000 -LEADER
fixed length control field 00753cam a2200169 4500
001 - CONTROL NUMBER
control field X118464
008 - FIXED-LENGTH DATA ELEMENTS--GENERAL INFORMATION
fixed length control field 020619n2002 000 0 eng u
035 ## - SYSTEM CONTROL NUMBER
System control number (Sirsi) u118464
100 ## - MAIN ENTRY--PERSONAL NAME
Personal name Bevans, G.
245 ## - TITLE STATEMENT
Title Expert evidence outside the courts
260 ## - PUBLICATION, DISTRIBUTION, ETC.
Date of publication, distribution, etc. 2002
490 ## - SERIES STATEMENT
Series statement New Law Journal
Volume/sequential designation Expert Witness Supplement February 2002, 268-270(2)
520 ## - SUMMARY, ETC.
Summary, etc. Explores RICS standards imposed on members giving expert evidence. RICS practice statement 'makes mandatory, the obligations and duties required of surveyors acting as expert witnesses'. Points out that failure to comply can lead to disciplinary procedures and may result in expulsion from the Rics.
650 ## - SUBJECT ADDED ENTRY--TOPICAL TERM
Topical term or geographic name entry element EXPERT WITNESSES
690 ## - LOCAL SUBJECT ADDED ENTRY--TOPICAL TERM (OCLC, RLIN)
Topical term or geographic name as entry element Dispute resolution
9 (RLIN) 6236
942 ## - ADDED ENTRY ELEMENTS (KOHA)
Suppress in OPAC 0
Holdings
Withdrawn status Lost status Source of classification or shelving scheme Damaged status Not for loan Home library Current library Shelving location Date acquired Total Checkouts Barcode Date last seen Copy number Price effective from Koha item type
    Dewey Decimal Classification     London London Journal article 19/06/2002   118464-1001 06/08/2019 1 06/08/2019 Journal article